000 01197nam a2200289 4500
001 143468
003 ES-MaACL
005 20260127150254.0
007 t|
008 070214s1907 sp af 00110 spa d
080 _a75.033/.035(460.27)
080 _a75.033.035(460)
100 1 _aSentenach, Narciso,
_d1856-1925
_9105479
245 1 3 _aLa pintura en Madrid desde sus orígenes hasta el siglo XIX /
_cpor D. Narciso Sentenach y Cabañas.
260 _aMadrid :
_bAdministración del "Boletín de la Sociedad Española de Excursiones",
_c[1907] (
_fImp. de San Francisco de Sales)
300 _a260 p., [23] p. de lám. :
_bil. ;
_c29 cm.
500 _aÍndice.
504 _aReferencias bibliográficas.
530 _aDisponible en formato digital.
597 _aEnc. junto con: Bosquejo histórico sobre la orfebrería española.
650 4 _aPintura-
_zMadrid (Comunidad Autónoma)
_9173202
650 4 _aPintura española-
_vHistoria.
_916037
852 4 _aES-MaACL
_jF-3363 (1)
_cDEPO2
_xEncuadernación en pasta española
856 4 _uhttp://bdh-rd.bne.es/viewer.vm?id=0000253067&page=1
_yBiblioteca Digital Hispánica
942 _2udc
999 _c143468
_d143468